Dimensiones estructurales y funcionales del apoyo social y salud en personas mayores de Chile (Record no. 174254)
[ view plain ]
| 000 -CABECERA | |
|---|---|
| campo de control de longitud fija | 01789nab a2200265 a 4500 |
| 005 - FECHA Y HORA DE LA ÚLTIMA TRANSACCIÓN | |
| campo de control | 20210219162324.0 |
| 008 - ELEMENTOS DE LONGITUD FIJA--INFORMACIÓN GENERAL | |
| campo de control de longitud fija | 991125s1985 mx 000 0 spa u |
| 035 ## - NÚMERO DE CONTROL DEL SISTEMA | |
| Número de control de sistema | UPN01000202153 |
| 049 ## - COLECCIÓN | |
| Colección | ART |
| 100 1# - ASIENTO PRINCIPAL--NOMBRE PERSONAL | |
| Nombre de persona | Gallardo Peralta, Lorena P |
| 100 1# - ASIENTO PRINCIPAL--NOMBRE PERSONAL | |
| Filiación | lgallardo@uta.cl |
| 100 1# - ASIENTO PRINCIPAL--NOMBRE PERSONAL | |
| Nombre de persona | Barrón López de Roda, Ana |
| 100 1# - ASIENTO PRINCIPAL--NOMBRE PERSONAL | |
| Nombre de persona | Sánchez Moreno, Esteban |
| 100 1# - ASIENTO PRINCIPAL--NOMBRE PERSONAL | |
| Nombre de persona | Arias Astray, Andrés |
| 222 #0 - TÍTULO CLAVE | |
| Título clave | REVISTA MEXICANA DE PSICOLOGIA |
| 245 00 - MENCIÓN DE TÍTULO | |
| Título | Dimensiones estructurales y funcionales del apoyo social y salud en personas mayores de Chile |
| 300 ## - DESCRIPCIÓN FÍSICA | |
| Extensión | 187-197 |
| 362 0# - FECHAS DE PUBLICACIÓN Y/O DESIGNACIÓN SECUENCIAL | |
| Fecha de publicación y/o designación secuencial | 2014 Volumen 31, número 2, julio-diciembre |
| 520 ## - NOTA DE RESUMEN, ETC. | |
| Sumario, etc. | En la bibliografía sobre apoyo social y salud en personas mayores persiste un debate en torno al papel desempeñado por las dimensiones estructurales y funcionales del apoyo. La presente investigación (n = 418) propone un modelo que enfatiza la diferenciación de las fuentes de apoyo y la reciprocidad en las relaciones de intercambio funcional en la explicación del deterioro de la salud. Los resultados obtenidos a partir del análisis de ecuaciones estructurales (structural equation modeling [sem]) muestran que la existencia de relaciones recíprocas se relaciona con la salud a través de la satisfacción con el apoyo y la existencia de un efecto de signo contrario en la salud del apoyo de los hijos y del cónyuge. En conclusión, se confirma la importancia de diferenciar el papel de las distintas fuentes. Son necesarias investigaciones que ayuden a clarificar las acciones/conductas concretas que convierten en adecuado el apoyo en función de su fuente |
| 653 0# - TERMINO DE INDIZACION - NO CONTROLADO | |
| Término no controlado | ADULTOS MAYORES |
| 653 0# - TERMINO DE INDIZACION - NO CONTROLADO | |
| Término no controlado | SALUD |
| 653 0# - TERMINO DE INDIZACION - NO CONTROLADO | |
| Término no controlado | APOYO SOCIAL |
| 856 4# - LOCALIZACIÓN Y ACCESO ELECTRÓNICOS | |
| Identificador Uniforme del Recurso | <a href="http://www.redalyc.org/pdf/2430/243033031010.pdf">http://www.redalyc.org/pdf/2430/243033031010.pdf</a> |
| 905 ## - TIPO DE MATERIAL | |
| Tipo de material | Articulo |
No items available.
